Eastern Utah Libraries Catalog: Duchesne, Heber, Roosevelt, & Vernal

House of many ways / (Record no. 77894)

MARC details
000 -LEADER
fixed length control field 01364nam a2200373 a 4500
001 - CONTROL NUMBER
control field BK0007973364
005 - DATE AND TIME OF LATEST TRANSACTION
control field 20241220130926.0
008 - FIXED-LENGTH DATA ELEMENTS--GENERAL INFORMATION
fixed length control field 090520r20092008nyu j 000 1 eng d
010 ## - LIBRARY OF CONGRESS CONTROL NUMBER
LC control number bl2009014676
020 ## - INTERNATIONAL STANDARD BOOK NUMBER
International Standard Book Number 9780061477973 : PAP
Terms of availability $8.99
020 ## - INTERNATIONAL STANDARD BOOK NUMBER
International Standard Book Number 0061477974 : PAP
Terms of availability $8.99
037 ## - SOURCE OF ACQUISITION
Source of stock number/acquisition Harpercollins Childrens Books, Keystone Industrial Park, Scranton, PA, USA, 18512
Note SAN 200-2086
040 ## - CATALOGING SOURCE
Original cataloging agency NjBwBT
Transcribing agency NjBwBT
050 14 - LIBRARY OF CONGRESS CALL NUMBER
Classification number PZ7.J684
Item number Hou 2009
082 04 - DEWEY DECIMAL CLASSIFICATION NUMBER
Classification number [Fic]
Edition number 22
092 ## - LOCALLY ASSIGNED DEWEY CALL NUMBER (OCLC)
Classification number FIC
092 ## - LOCALLY ASSIGNED DEWEY CALL NUMBER (OCLC)
Classification number JONES
100 1# - MAIN ENTRY--PERSONAL NAME
Personal name Jones, Diana Wynne.
9 (RLIN) 19745
245 10 - TITLE STATEMENT
Title House of many ways /
Statement of responsibility, etc Diana Wynne Jones.
250 ## - EDITION STATEMENT
Edition statement 1st Harper pbk. ed.
260 ## - PUBLICATION, DISTRIBUTION, ETC. (IMPRINT)
Place of publication, distribution, etc New York :
Name of publisher, distributor, etc Greenwillow Books,
Date of publication, distribution, etc [2009], c2008.
300 ## - PHYSICAL DESCRIPTION
Extent 404, 16 p. ;
Dimensions 20 cm.
500 ## - GENERAL NOTE
General note Reprint. Originally published: c2008.
500 ## - GENERAL NOTE
General note Eos imprint on spine.
500 ## - GENERAL NOTE
General note Sequel to: Howl's moving castle.
520 ## - SUMMARY, ETC.
Summary, etc When Charmain is asked to housesit for Great Uncle William, the Royal Wizard of Norland, she is ecstatic to get away from her parents, but finds that his house is much more than it seems.
650 #1 - SUBJECT ADDED ENTRY--TOPICAL TERM
Topical term or geographic name as entry element Housesitting
Form subdivision Fiction.
9 (RLIN) 5722231
650 #1 - SUBJECT ADDED ENTRY--TOPICAL TERM
Topical term or geographic name as entry element Magic
Form subdivision Fiction.
9 (RLIN) 5673694
650 #1 - SUBJECT ADDED ENTRY--TOPICAL TERM
Topical term or geographic name as entry element Wizards
Form subdivision Fiction.
9 (RLIN) 5673726
650 #1 - SUBJECT ADDED ENTRY--TOPICAL TERM
Topical term or geographic name as entry element Great-uncles
Form subdivision Fiction.
9 (RLIN) 5730506
650 #1 - SUBJECT ADDED ENTRY--TOPICAL TERM
Topical term or geographic name as entry element Fantasy.
9 (RLIN) 6223061
942 ## - ADDED ENTRY ELEMENTS (KOHA)
Koha item type BOOK
998 ## - LOCAL CONTROL INFORMATION (RLIN)
-- a144391
Holdings
Withdrawn status Lost status Source of classification or shelving scheme Damaged status Not for loan Collection code Home library Current library Shelving location Date acquired Source of acquisition Serial Enumeration / chronology Total Checkouts Total Renewals Full call number Barcode Date last seen Date checked out Cost, replacement price Price effective from Koha item type
    Dewey Decimal Classification     Young Adult Fiction Wasatch County Library Wasatch County Library Main Floor Teen Area 05/17/2021 Amazon #3 6 11 YA Jones 34301001715822 01/06/2026 12/15/2025 8.99 05/17/2021 BOOK
This project was made possible through a grant from the Institute of Museum and Library Service administered by the Utah State Library Division.

Wasatch County Library

  • 465 East 1200 South, Heber City, Utah 84032
  • Phone 435-654-1511 | Fax 435-654-6456

Hours

  • Monday - Friday 9:30 AM - 8:00 PM
  • Saturday 9:30 AM - 1:30 PM
  • Closed Sundays and Holidays